000 00298nam a2200121Ia 4500
008 240624s9999 xx 000 0 und d
041 _aeng
082 _a332.63 CHA
100 _aCHAN JACINTA
245 _aFINANCIAL TIMES GUIDE TO TECHNICAL ANALY
260 _c2011
_aNew Delhi,2011
365 _cRS
999 _c31364
_d31364